000 00863nas a2200301 4500
001 BR9902415
003 BR-BrBNA
005 20231205101411.0
007 ta
008 230509b bl.|||p| |||| 00| 00por d
040 _aBR-BrBNA
_bpor
_cBiblioteca Nacional de Agricultura
041 _a(Pt)
072 _aL01
100 1 _aGomes, N.B. de N.
100 1 _aRostagno, M.H.
100 1 _aSantos, G.J. von G. dos
100 1 _aAguiar, P.H.P.
245 1 _aFrequencia de lesoes em bovinos abatidos no matadouro municipal da cidade de Lavras, MG
650 _aBovino
650 _aAbate
650 _aAbatedouro
650 _aViscera
650 _aLesao
650 _aMinas Gerais
773 0 _tVeterinaria Noticias (Brazil)
_xISSN 0104-3463
_g(1999), v. 5(1) p. 41-46
_wBR9902415
909 _a202311
_bLúcia
_c55
_dLúcia Elande
942 _2AGRIS
_n0
_cANA
999 _c161597
_d161597